• 首页
  • 本馆介绍
  • 公告通知
  • 最新文献
  • 馆藏检索
  • 电子资源
  • 读者导购
  • 参考咨询
  • 我的图书馆
  • 登录
  • 详细信息显示
  • 放入我的书架
  • 预约/预借图书
  • 作者相关作品
  • 分类相关作品
  • 丛书相关作品
  • 出版社相关作品

书目信息

  • 表格格式
  • 工作单格式
  • 卡片格式
题名:
生物史
    
 
作者: 胡文耕 , 黄芬 编著
分册: 第一分册   生命的起源
出版信息: 北京   科学出版社  1978
页数: 121页
开本: 19cm
丛书名:
单 册:
中图分类: Q-09
科图分类:
主题词: 生物--历史 , 生物学--理论 , 生命起源 , 生物学--方法
电子资源:
ISBN:
000 00758nam0 2200289 45
001 0178005553
005 20060801154225.55
010    @dCNY0.34
091    @a13031.669
100    @a19950726d1978 em y0chiy0121 ea
101 0  @achi
102    @aCN@b110000
105    @ay z 000yy
200 10 @a生物史@Asheng wu shi@h第一分册@i生命的起源@f胡文耕,黄芬编著
210    @a北京@c科学出版社@d1978
215    @a121页@d19cm
517 1  @a生命的起源@Asheng ming de qi yuan
606    @a生物@x历史
606 0  @a生物学@x理论
606    @a生命起源
606 0  @a生物学@x方法
610 0  @a生物史
690    @aQ-09@v3
701  0 @a胡文耕@Ahu wen geng@4编著
701  0 @a黄芬@Ahuang fen@4编著
801  0 @aCN@bTSSF@c20060801
905    @a10447@dQ-09@e15:1
    
    生物史.第一分册.生命的起源/胡文耕,黄芬编著.-北京:科学出版社,1978
    121页;19cm
    
    
    ISBN :CNY0.34
    
●
相关链接 在E读中查询图书 在五车中查询图书 在当当中查询图书 在豆瓣中查询图书


正题名:生物史     索取号:Q-09/15:1         预约/预借

序号 登录号 条形码 馆藏地/架位号 状态 备注
1 0438927   204389278   密集书库/ [索取号:Q-09/15:1] 在馆    
2 0438928   204389287   密集书库/ [索取号:Q-09/15:1] 在馆    
3 0439325   204393254   密集书库/ [索取号:Q-09/15:1] 在馆    
唐山师范学院图书馆 欢迎您!
大连网信软件有限公司© 版权所有